UBT Library

THEORETICAL BASIS FOR NURSING (Record no. 2776)

000 -LEADER
fixed length control field 00264nam a22001097a 4500
008 - FIXED-LENGTH DATA ELEMENTS--GENERAL INFORMATION
fixed length control field 170112b xxu||||| |||| 00| 0 eng d
020 ## - INTERNATIONAL STANDARD BOOK NUMBER
International Standard Book Number 9781605473239
041 ## - LANGUAGE CODE
Language code of text/sound track or separate title eng
080 ## - UNIVERSAL DECIMAL CLASSIFICATION NUMBER
Edition identifier 3RD
Universal Decimal Classification number 618.2
245 ## - TITLE STATEMENT
Title THEORETICAL BASIS FOR NURSING
Statement of responsibility, etc MCEWEN, M
942 ## - ADDED ENTRY ELEMENTS (KOHA)
Source of classification or shelving scheme
Item type Books
Holdings
Withdrawn status Lost status Source of classification or shelving scheme Damaged status Not for loan Collection code Permanent location Current location Shelving location Date acquired Total Checkouts Full call number Barcode Date last seen Price effective from Koha item type
          Koleksioni i përgjithshem UBT - Lipjan UBT - Lipjan Koleksioni i përgjithshem 01/12/2017   618.2 MCE 002-029780 01/12/2017 01/12/2017 Books
          Koleksioni i përgjithshem UBT - Lipjan UBT - Lipjan   10/06/2022   610.73 MCE 002-800028700126 10/06/2022 10/06/2022 Books
          Koleksioni i përgjithshem UBT - Lipjan UBT - Lipjan   04/14/2023   610.73WIL 002-80005051 04/14/2023 04/14/2023 Books
UBT Library © 2015-2024. All rights reserved University Education for Business and Technology